000
00299nam a2200133Ia 4500
100
_a
Biswas/N.N
942
_c
BK
654
_a
Programming
245
_a
Fortran IV Computer Programming
260
_b
East West Press P. Ltd
_a
New Delhi
_c
1985
082
_a
1.6
300
_a
229
546
_a
ENGLISH
999
_c
18332
_d
18332